| 000 | 00384 a2200145 4500 | ||
|---|---|---|---|
| 001 | 62060 | ||
| 020 | _a | ||
| 040 | _cAnchieta - Pituba | ||
| 100 | _aBraun, Korbinian | ||
| 240 | 1 | 0 |
_aDeutsch als fremdsprache II aufbaukurs _ldeu / ger |
| 245 | 1 | 0 | _aDeutsch als fremdsprache II aufbaukurs |
| 300 | _a152 | ||
| 650 | 4 | _aLínguas germânicas (teutônicas) língua alemã | |
| 942 | _cBK | ||
| 999 |
_c62060 _d62060 |
||